000 00712aam a2200265 4500
005 20251119123940.0
008 150224b2007 xxu||||| |||| 00| 0 eng d
020 _a9789977238708
041 _aESP
082 _aCR 861.44 A696mi
100 _aArias Uva, Minor
_911922
245 _aMi abuelo volaba sobre robles amarillos
260 _aCosta Rica
260 _bEditorial Costa Rica
260 _c2007
300 _a163 páginas
300 _bIlustraciones a color
490 _aTemática General
650 _aLITERATURA INFANTIL
650 _aLITERATURA COSTARRICENSE
650 _aPOESÍA INFANTIL
650 _aPOESÍA COSTARRICENSE
650 _aFOLCLORE COSTARRICENSE
942 _cLIT
_2ddc
999 _c3365
_d3365